Protection of Wild Life Act 1972 (Act 76) (as at 10th January 2002)

Bibliographic Details
Corporate Author: MALAYSIA
Format: Book
Published: Petaling Jaya, Selangor : International Law Book Services , 2002
Series:Laws of Malaysia
Subjects:

MARC

LEADER 00000cam a2200000 7i4500
001 0000001931
005 20020520.0
020 0 0 |a 9678911922 
090 0 0 |a R346.0469516   |b MAL 2002 
110 1 0 |a MALAYSIA 
245 1 0 |a Protection of Wild Life Act 1972 (Act 76) (as at 10th January 2002)   |c compiled by Legal Research Board 
260 0 0 |a Petaling Jaya, Selangor :   |b International Law Book Services ,   |c 2002 
300 |a 154 p. ;   |c 24 cm. 
440 0 0 |a Laws of Malaysia 
650 0 0 |a Wildlife conservation   |x Law and legislation 
998 |a JPSM 
999 |a 0000003080   |b Monograph   |c Reference   |e Default branch 
999 |a 0000003423   |b Monograph   |c Open Shelf   |e Default branch 
999 |a 0000005518   |b Monograph   |c Open Shelf   |e Default branch